000 00826naa a22001691i 4500
003 KOSZ 005
005 20180427100643.0
008 160308s2006 pl |||f| ||||0|| 0 eng d
035 _aPBN-R:247983
040 _cKOSZ 005/md
_aPBN-ID
_dKOSZ 005/ac
041 0 _aeng
100 1 _aBIAŁKO, Michał.
_d1996 - .
_bPolitechnika Koszalińska - Wydział Elektroniki i Informatyki,
_cKatedra Inżynierii Komputerowej
245 1 0 _aApplication of evolutionary algorithm for floorplanning of integrated electronic circuits /
_cMichał Białko, Adam Słowik.
700 1 _aSŁOWIK, Adam.
_d2005 - .
_bPolitechnika Koszalińska - Wydział Elektroniki i Informatyki,
_cKatedra Inżynierii Komputerowej
773 0 _iW :
_tArtificial Intelligence and Soft Computing. -
_dWarszawa : Wydaw. EXIT, 2006. -
_gs. 224-229
942 _cROZ
_2UKD
999 _c8365
_d8365